|
|
|
|
| LEADER |
00000nab a2200000uu 4500 |
| 001 |
vtls012156058 |
| 003 |
SK-MaSNL |
| 005 |
20260304174810.0 |
| 008 |
221207|2006 xo |||||||||||||||||slo| |
| 015 |
|
|
|a SNBRB
|
| 035 |
|
|
|a (urnnbn)urn:nbn:sk:snk:ar-005i2f
|
| 035 |
|
|
|a (uuid)ea731558-9a03-410a-98ec-d12687731cc3
|
| 035 |
|
|
|a (sysno)vtls008876206
|
| 040 |
|
|
|a SNKBUCL
|b slo
|c SNKBUCL
|e AACR2
|
| 041 |
0 |
|
|a slo
|b eng
|b slo
|
| 044 |
|
|
|a xo
|c SK
|
| 080 |
|
|
|a 616-002.5-053.9
|2 1981
|
| 100 |
1 |
|
|a Košinárová, Vlasta
|4 aut
|9 12035
|
| 245 |
1 |
0 |
|a Tuberkulóza u polymorbidných pacientov
|c Vlasta Košinárová, Rafael Redhammer, Mária Tamášová
|
| 246 |
3 |
1 |
|a Tuberculosis in polymorbid patients
|
| 504 |
|
|
|a Obsahuje bibliografické odkazy
|
| 650 |
0 |
7 |
|a tuberkulóza
|x epidemiológia
|2 snkbucl
|9 850320
|
| 650 |
0 |
7 |
|a incidencia
|2 snkbucl
|9 840847
|
| 650 |
0 |
7 |
|a faktory vekové
|2 snkbucl
|9 840845
|
| 650 |
0 |
7 |
|a faktory rizikové
|2 snkbucl
|9 838956
|
| 650 |
0 |
7 |
|a komorbidita
|x ľudia vyššieho veku
|2 snkbucl
|9 1506517
|
| 650 |
0 |
7 |
|a pľúcna tuberkulóza
|2 snkbucl
|9 21958
|
| 650 |
0 |
7 |
|a tuberkulóza kostí a kĺbov
|x diagnostika
|2 snkbucl
|9 1506518
|
| 650 |
0 |
7 |
|a kazuistika
|2 snkbucl
|9 19523
|
| 700 |
1 |
|
|a Redhammer, Rafael,
|d 1934-
|4 aut
|9 221065
|
| 700 |
1 |
|
|a Tamášová, Mária
|4 aut
|9 12080
|
| 773 |
0 |
|
|t Lekársky obzor
|g Roč. 55, č. 1-2 (2006), s. 63-66
|
| 954 |
|
|
|a odborná, vedecká literatúra pôvodná (slovenská)
|2 lita
|
| 958 |
0 |
|
|a OND
|
| 958 |
|
|
|a article_dop7
|
| 999 |
|
|
|c 3010484
|d 3012414
|